Molecular biology
Guardado en:
| Autor principal: | |
|---|---|
| Formato: | Libro |
| Lenguaje: | Undetermined |
| Publicado: |
New York
McGraw - Hill
2005
|
| Materias: | |
| Etiquetas: |
Agregar Etiqueta
Sin Etiquetas, Sea el primero en etiquetar este registro!
|
| Thư viện lưu trữ: | Trung tâm Học liệu Trường Đại học Cần Thơ |
|---|
| LEADER | 00484nam a2200193Ia 4500 | ||
|---|---|---|---|
| 001 | CTU_97499 | ||
| 008 | 210402s9999 xx 000 0 und d | ||
| 020 | |c 118.75 | ||
| 082 | |a 572.8 | ||
| 082 | |b W363 | ||
| 100 | |a Weaver, Robert F. | ||
| 245 | 0 | |a Molecular biology | |
| 245 | 0 | |c Robert F. Weaver | |
| 260 | |a New York | ||
| 260 | |b McGraw - Hill | ||
| 260 | |c 2005 | ||
| 650 | |a Molecular biology | ||
| 904 | |i Trúc | ||
| 980 | |a Trung tâm Học liệu Trường Đại học Cần Thơ | ||